000 00293nam a22000977a 4500
040 _crua
082 _a631 FRA 1992 A084 Or.
245 _aMatériels pour l'agriculture : 1500 références pour l'équipement des petites et moyennes exploitations
260 _aphnom penh
_brua
_c1992
942 _cFB
999 _c21397
_d21397